000 00645nam a2200229Ia 4500
003 OSt
005 20221007071653.0
006 a|||||r|||| 00| 0
007 ta
008 221006b |||||||| |||| 00| 0 eng d
024 _a17,634
037 _cTextual
040 _aFLL
_cFLL
_beng
041 _2eng
_aeng
082 _aXM55:Z73:881, K8
100 _aMiller Arthur Selwyn Au.
_9689191
245 0 _aSupreme court and american capitalism
260 _aLondon
_bFree Press England
_c1968
300 _axii,259p
_ccm.
942 _hXM55:Z73:881, K8
_cTEXL
_2CC
999 _c1143939
_d1143939